[Event "EU-ch Seniors (Women) 12th"]
[White "Kalashnikova, Larisa"]
[Black "Fatalibekova, Elena"]
[Site "Kaunas"]
[Round "1"]
[Result "0-1"]
[Date "2012.08.18"]
[WhiteElo "1896"]
[BlackElo "2273"]
[PlyCount "62"]
[EventDate "2012.08.18"]
[EventType "swiss"]
[EventRounds "9"]
[EventCountry "LTU"]
[SourceTitle "CBM 150 Extra"]
[Source "ChessBase"]
[SourceDate "2012.10.19"]
[SourceVersion "1"]
[SourceVersionDate "2012.10.19"]
[SourceQuality "1"]

1. e4 c5 2. f4 d5 3. exd5 Qxd5 4. Nc3 Qd8 5. Nf3 Nc6 6. Bb5 Bd7 7. 0-0 e6 8. d3 Nf6 9. Kh1 Be7 10. Bd2 0-0 11. a3 Qc7 12. Ne4 Rad8 13. Qe2 Nd4 14. Nxd4 cxd4 15. Bxd7 Rxd7 16. Bb4 Nd5 17. Bxe7 Rxe7 18. Qf2 Qb6 19. c4 Ne3 20. Rfb1 f5 21. Nd2 e5 22. b4 Qh6 23. g3 Ng4 24. Qg2 exf4 25. gxf4 Qxf4 26. Rf1 Qh6 27. Rf3 Rfe8 28. Rh3 Qxh3 29. Qxh3 Nf2+ 30. Kg2 Nxh3 31. Kxh3 Re3+ 0-1

[Event "Moscow op (Women)"]
[White "Kalashnikova, Larisa"]
[Black "Skorobogatova, Olga"]
[Site "Moscow"]
[Round "8"]
[Result "1/2-1/2"]
[Date "2012.02.04"]
[WhiteElo "1939"]
[BlackElo "1716"]
[PlyCount "50"]
[EventDate "2012.01.28"]
[EventType "swiss"]
[EventRounds "9"]
[EventCountry "RUS"]
[SourceTitle "CBM 146 Extra"]
[Source "ChessBase"]
[SourceDate "2012.02.29"]
[SourceVersion "1"]
[SourceVersionDate "2012.02.29"]
[SourceQuality "1"]

1. d4 d5 2. Nf3 Nf6 3. Bg5 Nbd7 4. e3 e6 5. Bd3 Be7 6. Nbd2 0-0 7. 0-0 c5 8. c3 b6 9. Rc1 Bb7 10. Ne5 Nxe5 11. dxe5 Nd7 12. Bxe7 Qxe7 13. f4 f6 14. exf6 Qxf6 15. Qh5 g6 16. Qh3 Rae8 17. Nf3 Qg7 18. Bb5 a6 19. Bxd7 Qxd7 20. Ne5 Qc7 21. Rf2 Rf6 22. Ng4 Rff8 23. Ne5 Rf6 24. Ng4 Rff8 25. Ne5 Rf6 1/2-1/2

[Event "RUS-ch Seniors (Women)"]
[White "Abramjan, Larisa"]
[Black "Kalashnikova, Larisa"]
[Site "Odintsovo"]
[Round "4"]
[Result "1/2-1/2"]
[Date "2011.04.22"]
[WhiteElo "1868"]
[BlackElo "1944"]
[PlyCount "81"]
[EventDate "2011.04.19"]
[EventType "swiss"]
[EventRounds "9"]
[EventCountry "RUS"]
[SourceTitle "CBM 142 Extra"]
[Source "ChessBase"]
[SourceDate "2011.06.27"]
[SourceVersion "1"]
[SourceVersionDate "2011.06.27"]
[SourceQuality "1"]

1. c4 e5 2. Nc3 d6 3. e4 g6 4. d3 Bg7 5. Be3 f5 6. exf5 Bxf5 7. Qd2 Nc6 8. Nf3 Qd7 9. h3 Nd4 10. Ng5 h6 11. Nge4 0-0-0 12. 0-0-0 Ne7 13. Kb1 Kb8 14. f3 g5 15. Be2 Qc6 16. Rc1 Qd7 17. Bd1 c6 18. b4 Bg6 19. c5 d5 20. Nd6 Nef5 21. Nxf5 Nxf5 22. Bf2 Nd4 23. Ba4 Rc8 24. Ne2 Qf5 25. Rhd1 Nxe2 26. Qxe2 Qf6 27. Qb2 a6 28. Bc2 Rhe8 29. d4 e4 30. Bg3+ Ka8 31. Be5 Qf7 32. Bxg7 Qxg7 33. fxe4 Bxe4 34. Bxe4 Rxe4 35. Rc2 Rce8 36. a4 Re1 37. Rxe1 Rxe1+ 38. Ka2 Re4 39. Rd2 Qf6 40. Qc3 Ka7 41. Qb2 1/2-1/2

[Event "RUS-ch Seniors (Women)"]
[White "Kalashnikova, Larisa"]
[Black "Milashevskaja, Valentina"]
[Site "Odintsovo"]
[Round "3"]
[Result "1/2-1/2"]
[Date "2011.04.21"]
[WhiteElo "1944"]
[BlackElo "1828"]
[PlyCount "52"]
[EventDate "2011.04.19"]
[EventType "swiss"]
[EventRounds "9"]
[EventCountry "RUS"]
[SourceTitle "CBM 142 Extra"]
[Source "ChessBase"]
[SourceDate "2011.06.27"]
[SourceVersion "1"]
[SourceVersionDate "2011.06.27"]
[SourceQuality "1"]

1. d4 Nf6 2. Nf3 e6 3. Bf4 c5 4. e3 Nc6 5. c3 b6 6. Bd3 Bb7 7. h3 d5 8. Nbd2 Bd6 9. Bxd6 Qxd6 10. 0-0 0-0 11. Qe2 cxd4 12. exd4 Rae8 13. Ne5 h6 14. f4 Qe7 15. Rae1 Nd7 16. Ndf3 Ndxe5 17. fxe5 f5 18. exf6 Rxf6 19. Ne5 Rxf1+ 20. Rxf1 Nxe5 21. Qxe5 Bc8 22. Rf2 Rf8 23. Rxf8+ Qxf8 24. Qc7 Kh8 25. Kh1 Kg8 26. Qxa7 Qf4 1/2-1/2

[Event "Moscow op-F (Women)"]
[White "Chadaeva, Tatiana"]
[Black "Kalashnikova, Larisa"]
[Site "Moscow"]
[Round "3"]
[Result "1-0"]
[Date "2011.01.31"]
[WhiteElo "1835"]
[BlackElo "1971"]
[PlyCount "79"]
[EventDate "2011.01.29"]
[EventType "swiss"]
[EventRounds "9"]
[EventCountry "RUS"]
[SourceTitle "CBM 140 Extra"]
[Source "ChessBase"]
[SourceDate "2011.03.01"]
[SourceVersion "1"]
[SourceVersionDate "2011.03.01"]
[SourceQuality "1"]

1. e4 c5 2. Nc3 Nc6 3. g3 g6 4. Bg2 Bg7 5. d3 d6 6. Nge2 e5 7. Be3 Nge7 8. Qd2 0-0 9. Bh6 Nd4 10. Bxg7 Kxg7 11. 0-0 Rb8 12. f4 f5 13. Nd5 Be6 14. Nec3 Nec6 15. Ne3 Qd7 16. Ncd5 Kh8 17. c3 Nb5 18. Rf2 Nc7 19. Raf1 Bxd5 20. exd5 Ne7 21. fxe5 dxe5 22. c4 Ne8 23. Qc3 Qd6 24. Ng4 Ng7 25. Nxe5 Ng8 26. d4 Nf6 27. dxc5 Qxc5 28. b4 Qe7 29. Re1 Qc7 30. c5 Rbc8 31. Qb2 Rcd8 32. Qb3 Ng4 33. d6 Qc8 34. Nf7+ Rxf7 35. Qxf7 Rf8 36. Qxb7 Nxf2 37. Qxc8 Rxc8 38. Kxf2 Rb8 39. d7 Rd8 40. c6 1-0

[Event "Moscow op-F (Women)"]
[White "Kalashnikova, Larisa"]
[Black "Anfinogenova, Anastasiya"]
[Site "Moscow"]
[Round "2"]
[Result "1/2-1/2"]
[Date "2011.01.30"]
[WhiteElo "1971"]
[BlackElo "1708"]
[PlyCount "113"]
[EventDate "2011.01.29"]
[EventType "swiss"]
[EventRounds "9"]
[EventCountry "RUS"]
[SourceTitle "CBM 140 Extra"]
[Source "ChessBase"]
[SourceDate "2011.03.01"]
[SourceVersion "1"]
[SourceVersionDate "2011.03.01"]
[SourceQuality "1"]

1. c4 e5 2. Nc3 Nf6 3. g3 Bc5 4. Bg2 0-0 5. e4 Nc6 6. Nge2 Nd4 7. 0-0 d6 8. h3 Be6 9. d3 h6 10. Nxd4 Bxd4 11. Ne2 Bb6 12. b4 c6 13. Bb2 Nd7 14. Kh2 f5 15. f4 g5 16. Rc1 Be3 17. Rc2 fxe4 18. dxe4 gxf4 19. Rf3 Kh7 20. Qxd6 Qe8 21. gxf4 exf4 22. Nd4 Bxd4 23. Qxd4 Qf7 24. Rcf2 Qe7 25. Rxf4 Rxf4 26. Rxf4 Rf8 27. Rxf8 Qxf8 28. a3 Kg6 29. c5 Qf4+ 30. Kh1 Nf6 31. Kg1 Kf7 32. Kh1 Kg6 33. Kg1 h5 34. Qc3 h4 35. Bc1 Qg3 36. Qc2 Bxh3 37. e5+ Bf5 38. Qd2 Ne4 39. Qh6+ Kf7 40. Bf4 Qg4 41. Kh2 h3 42. Bxh3 Qxh3+ 43. Qxh3 Bxh3 44. Kxh3 Nf2+ 45. Kg2 Nd3 46. Kf3 Ke6 47. Ke4 Nb2 48. Kd4 b6 49. cxb6 axb6 50. Bg3 Na4 51. Bf4 b5 52. Bg3 Kd7 53. Bf4 Ke6 54. Bc1 Kd7 55. Bd2 Ke6 56. Bf4 Kf7 57. Ke4 1/2-1/2

[Event "RUS-ch Seniors (Women)"]
[White "Kalashnikova, Larisa"]
[Black "Beliaeva, Natalia"]
[Site "Lesnoj Gorodok"]
[Round "8"]
[Result "1/2-1/2"]
[Date "2009.10.10"]
[WhiteElo "2026"]
[BlackElo "1991"]
[PlyCount "35"]
[EventDate "2009.10.03"]
[EventType "swiss"]
[EventRounds "9"]
[EventCountry "RUS"]
[SourceTitle "CBM 132 Extra"]
[Source "ChessBase"]
[SourceDate "2009.11.03"]
[SourceVersion "1"]
[SourceVersionDate "2009.11.03"]
[SourceQuality "1"]

1. e4 c5 2. f4 Nc6 3. Nf3 d6 4. d3 Bg4 5. Be2 g6 6. c3 Bg7 7. 0-0 Nf6 8. Be3 Qc7 9. Nbd2 0-0 10. h3 Bd7 11. Rc1 Nh5 12. Qe1 Bh6 13. Nh2 Nf6 14. Ng4 Nxg4 15. Bxg4 Qc8 16. Bxd7 Qxd7 17. f5 Bg7 18. Qe2 1/2-1/2

[Event "Moscow op-C 04th (Women)"]
[White "Kalashnikova, Larisa"]
[Black "Nazarian, Marina"]
[Site "Moscow"]
[Round "6"]
[Result "1/2-1/2"]
[Date "2008.02.07"]
[WhiteElo "1983"]
[BlackElo "1811"]
[PlyCount "56"]
[EventDate "2008.02.02"]
[EventType "swiss"]
[EventRounds "9"]
[EventCountry "RUS"]
[SourceTitle "CBM 122 Extra"]
[Source "ChessBase"]
[SourceDate "2008.03.04"]
[SourceVersion "1"]
[SourceVersionDate "2008.03.04"]
[SourceQuality "1"]

1. e4 c5 2. f4 Nc6 3. Nf3 e6 4. d3 g6 5. g3 Bg7 6. Bg2 Nge7 7. 0-0 0-0 8. c3 d5 9. Be3 b6 10. Bf2 Ba6 11. Re1 Rc8 12. Qc2 Qc7 13. Nbd2 Rfd8 14. e5 Nf5 15. Rad1 Rd7 16. a3 Qd8 17. Nf1 Kh8 18. Qb1 Nce7 19. g4 Nh6 20. h3 Nhg8 21. Ng3 Bh6 22. g5 Bg7 23. Kh2 Nc6 24. h4 h5 25. Ne2 Nge7 26. Ng3 Qe8 27. Rd2 Rcd8 28. Qd1 Rb8 1/2-1/2

[Event "Moscow op-C 04th (Women)"]
[White "Mouradian, Knarik Jacob"]
[Black "Kalashnikova, Larisa"]
[Site "Moscow"]
[Round "5"]
[Result "1-0"]
[Date "2008.02.06"]
[WhiteElo "2161"]
[BlackElo "1983"]
[PlyCount "37"]
[EventDate "2008.02.02"]
[EventType "swiss"]
[EventRounds "9"]
[EventCountry "RUS"]
[SourceTitle "CBM 122 Extra"]
[Source "ChessBase"]
[SourceDate "2008.03.04"]
[SourceVersion "1"]
[SourceVersionDate "2008.03.04"]
[SourceQuality "1"]

1. e4 c5 2. d3 d6 3. g3 g6 4. Bg2 Bg7 5. Nc3 Nc6 6. Be3 e5 7. Qd2 Nd4 8. Nce2 Nf6 9. h3 0-0 10. c3 Nc6 11. f4 Re8 12. Nf3 Qe7 13. 0-0 Bd7 14. c4 Rab8 15. f5 gxf5 16. Bg5 Qf8 17. Nh4 Ne7 18. Nxf5 Nxf5 19. exf5 1-0

[Event "RUS-ch Seniors (Women)"]
[White "Kuznetsova, Luba"]
[Black "Kalashnikova, Larisa"]
[Site "Tula"]
[Round "5"]
[Result "1/2-1/2"]
[Date "2004.05.??"]
[WhiteElo "2051"]
[BlackElo "2093"]
[PlyCount "110"]
[EventDate "2004.05.??"]
[EventType "swiss"]
[EventRounds "8"]
[EventCountry "RUS"]
[SourceTitle "EXT 2005"]
[Source "ChessBase"]
[SourceDate "2004.11.15"]
[SourceVersion "1"]
[SourceVersionDate "2004.11.15"]
[SourceQuality "1"]

1. e4 c5 2. Nc3 Nc6 3. Bb5 d6 4. d3 Bd7 5. f4 a6 6. Bxc6 Bxc6 7. Nf3 e6 8. 0-0 Be7 9. Qe1 h5 10. Bd2 Nh6 11. a3 Qc7 12. Rb1 g6 13. h3 Bf6 14. f5 gxf5 15. Bxh6 Rxh6 16. exf5 e5 17. Ne4 Bxe4 18. dxe4 0-0-0 19. c4 Rg8 20. Qe3 Rh7 21. Rf2 Rhg7 22. Rc2 Bg5 23. Qd3 Bf4 24. Kf1 Rg3 25. b4 f6 26. Rd1 Rd8 27. Qd5 Be3 28. Qe6+ Kb8 29. Qxf6 Bd4 30. bxc5 dxc5 31. Nxe5 Rxa3 32. Rb2 Ka8 33. Rc2 Re8 34. Rxd4 cxd4 35. Nf3 d3 36. Rc1 Ra2 37. e5 Qc5 38. Qh4 d2 39. Rd1 Qe3 40. f6 Qd3+ 41. Kf2 Qg6 42. Qf4 Rf8 43. Rxd2 Rxd2+ 44. Qxd2 Rc8 45. Qd5 Qc2+ 46. Nd2 Qf5+ 47. Kg1 Qf4 48. f7 Qe3+ 49. Kf1 Qf4+ 50. Ke2 Rf8 51. e6 Qf6 52. Qe4 Qe7 53. Kf3 Qf6+ 54. Kg3 Qg5+ 55. Kh2 Qe7 1/2-1/2

[Event "Centrocoop June op-A"]
[White "Kalashnikova, Larisa"]
[Black "Borisov, Venjamin"]
[Site "Eforie Nord "]
[Round "?"]
[Result "0-1"]
[Date "1998.??.??"]
[WhiteElo "2090"]
[BlackElo "2000"]
[PlyCount "106"]
[EventDate "1998.06.??"]
[EventType "swiss"]
[EventRounds "11"]
[EventCountry "ROU"]
[SourceTitle "EXT 2000"]
[Source "ChessBase"]
[SourceDate "1999.11.16"]
[SourceVersion "1"]
[SourceVersionDate "1999.11.16"]
[SourceQuality "1"]

1. c4 e6 2. Nc3 d5 3. cxd5 exd5 4. d4 Nf6 5. Nf3 Nbd7 6. Bg5 c6 7. e3 Qa5 8. a3 Ne4 9. Qc1 Nxg5 10. Nxg5 Bd6 11. Bd3 h6 12. Nf3 0-0 13. 0-0 Qc7 14. h3 Nf6 15. b4 a6 16. Qb2 Re8 17. Rfc1 Qe7 18. Na4 Ne4 19. Nb6 Rb8 20. Nxc8 Rbxc8 21. Ra2 f5 22. Re1 Kh8 23. Qc1 g5 24. Nd2 h5 25. f3 Ng3 26. Nf1 Qf6 27. Nxg3 Bxg3 28. Ree2 f4 29. Kf1 fxe3 30. Rxe3 Qxd4 31. Rae2 Rxe3 32. Qxe3 Qa1+ 33. Re1 Qxe1+ 34. Qxe1 Bxe1 35. Kxe1 Re8+ 36. Kd2 Kg7 37. Bf5 Kf6 38. Bd3 a5 39. Kc3 axb4+ 40. axb4 b6 41. Kd4 Ke6 42. Bg6 Rh8 43. g3 h4 44. g4 Kd6 45. Bf5 c5+ 46. bxc5+ bxc5+ 47. Kc3 Ra8 48. Bd3 Ra3+ 49. Kc2 Ke5 50. Be2 Ra2+ 51. Kd1 Kd4 52. Bf1 Ra1+ 53. Ke2 Rxf1 0-1